Hiệu quả mô hình dạy nghề trồng thanh long cho lao động nông thôn ở Bình Thuận
保存先:
| 第一著者: | |
|---|---|
| フォーマット: | 図書 |
| 言語: | Undetermined |
| 主題: | |
| オンライン・アクセス: | http://lrc.tdmu.edu.vn/opac/search/detail.asp?aID=2&ID=26528 |
| タグ: |
タグ追加
タグなし, このレコードへの初めてのタグを付けませんか!
|
| Thư viện lưu trữ: | Trung tâm Học liệu Trường Đại học Thủ Dầu Một |
|---|
| LEADER | 00671nam a2200145Ia 4500 | ||
|---|---|---|---|
| 001 | TDMU_26528 | ||
| 008 | 210410s9999 xx 000 0 und d | ||
| 082 | |a 330 | ||
| 100 | |a Sao Mai | ||
| 245 | 0 | |a Hiệu quả mô hình dạy nghề trồng thanh long cho lao động nông thôn ở Bình Thuận | |
| 245 | 0 | |c Sao Mai | |
| 300 | |a Tr.25-26 | ||
| 650 | |a Dạy trồng thanh long; Mô hình dạy nghề; Trung tâm dạy nghề; Bình Thuận; Lao động nông thôn; Chính trị xã hội | ||
| 856 | |u http://lrc.tdmu.edu.vn/opac/search/detail.asp?aID=2&ID=26528 | ||
| 980 | |a Trung tâm Học liệu Trường Đại học Thủ Dầu Một | ||